Ecuaciones diferenciales: (Registro nro. 29131)

Detalles MARC
000 -LÍDER
fixed length control field 00639nam a22002177a 4500
003 - IDENTIFICADOR DEL NÚMERO DE CONTROL
control field ITZ
005 - FECHA Y HORA DE LA ULTIMA TRANSACCIÓN
Campo de control 20230918140620.0
008 - ELEMENTOS DE LONGITUD FIJA -- INFORMACIÓN GENERAL
fixed length control field 230918b |||||||| |||| 00| 0 spa d
020 ## - NÚMERO INTERNACIONAL NORMALIZADO PARA LIBROS
ISBN 978-607-526-630-5
035 ## - Número de ficha (Janium)
Número de ficha (Janium) 17514
041 ## - CÓDIGO DE IDIOMA
Código de idioma para texto/pista de sonido o título separado spa
050 ## - SIGNATURA TOPOGRAFICA DE LA BIBLIOTECA DEL CONGRESO (LC)
Número de Clasificación QA372
Cutter Z54418 2018
082 ## - NUMERO DE CLASIFICACION DECIMAL DEWEY
Número de Clasificación 515.35
Cutter Z372 2018
100 1# - ASIENTO PRINCIPAL--NOMBRE PERSONAL
Nombre personal Zill, Dennis G.
245 ## - TÍTULO
Título Ecuaciones diferenciales:
Parte restante del título con problemas de valores en la frontera
Mención de responsabilidad, etc. Dennis G. Zill
250 ## - MENCIÓN DE EDICIÓN
Mención de edición 9
260 ## - PUBLICACIÓN, DISTRIBUCIÓN, ETC. (PIE DE IMPRENTA)
Lugar de publicación, distribución, etc. México
Nombre del editor, distribuidor, etc. Cengage Learning
Fecha de publicación, distribución, etc. 2018
300 ## - DESCRIPCIÓN FÍSICA
Extensión x11, 559 p., il. /
Dimensiones 27 cm.
650 ## - ASIENTO SECUNDARIO DE MATERIA - TERMINO TEMÁTICO
Término temático o nombre geográfico como elemento de entrada 1.ECUACIONES DIFERENCIALES 2.PROBLEMAS DE VALORES DE CONTORNO
942 ## - TIPO DE MATERIAL (KOHA)
Koha item type Libros
Existencias
No. biblioteca No. biblioteca Número de clasificación Código de barras/Número de adquisición Número de copia Tipo de material Otras carreras
ÁREA DE CIVIL LUIS G. INCLAN 515.35 Z372 2018 54115 2 Libros LUIS G. INCLAN
ÁREA DE CIVIL LUIS G. INCLAN 515.35 Z372 2018 54116 3 Libros LUIS G. INCLAN
ÁREA DE CIVIL LUIS G. INCLAN 515.35 Z372 2018 54113 4 Libros LUIS G. INCLAN
ÁREA DE CIVIL LUIS G. INCLAN 515.35 Z372 2018 55125 6 Libros LUIS G. INCLAN
ÁREA DE CIVIL ÁREA DE ELECTROMECÁNICA 515.35 Z372 2018 54114 1 Libros LUIS G. INCLAN
ÁREA DE CIVIL ÁREA DE ELECTROMECÁNICA 515.35 Z372 2018 55124 5 Libros LUIS G. INCLAN
ÁREA DE CIVIL ÁREA DE ELECTROMECÁNICA 515.35 Z372 2018 55126 7 Libros LUIS G. INCLAN
Calzada Tecnológico # 27, Zacatepec, Morelos.
01(734) 343-07-23 / 343-21-10 / 343-21-11
Apdo. Postal 45 C.P 62780